| 000 | 01152cam a22002895a 4500 | ||
|---|---|---|---|
| 001 | 1560995 | ||
| 005 | 20201128023843.0 | ||
| 008 | 920915s2013 enka frb 001 0 eng d | ||
| 020 | _a9780415846196 | ||
| 040 |
_aDLC _beng _cDLC _dDLC _dEG-ScBUE _dEG-ScBUE |
||
| 082 | 0 | 4 |
_222 _a330.0151 _bPAL |
| 100 | 1 |
_aPalfrey, Thomas R., _d1953- _941425 |
|
| 245 | 1 | 0 |
_aBayesian implementation / _cThomas R. Palfrey, Sanjay Srivastava ; edited by A. Postlewaite. |
| 260 |
_aOxon ; _aNew York : _bRoutledge / Taylor & Francis Group ; _aChur : _bHarwood Academic Publishers, _c2013. |
||
| 300 |
_aviii, 105 p. : _bill. ; _c22 cm. |
||
| 490 | 0 |
_aFundamentals of pure and applied economics, _x0191-1708 ; _v53 _aOrganization theory and allocation processes section |
|
| 500 | _aIncludes index. | ||
| 504 | _aBibliography : p. 98-104. | ||
| 650 | 7 |
_aEconomics, Mathematical. _2BUEsh _91252 |
|
| 650 | 7 |
_aBayesian statistical decision theory. _2BUEsh _93332 |
|
| 651 | _2BUEsh | ||
| 653 |
_bBUSECO _cOctober2016 _cDecember2016 |
||
| 655 |
_vReading book _934232 |
||
| 700 | 1 |
_aSrivastava, Sanjay, _d1957- _941426 |
|
| 700 | 1 |
_aPostlewaite, A., _941428 _eeditor. |
|
| 942 | _2ddc | ||
| 999 |
_c22507 _d22479 |
||